El Sector agrícola en el proceso de integración centroamericana

Saved in:
Bibliographic Details
Format: Text
Tags: Add Tag
No Tags, Be the first to tag this record!

MARC

LEADER 00000 a a2200000 04500
001 16073
003
040
245 |a El Sector agrícola en el proceso de integración centroamericana  
773 |g número 9; páginas 189-244  
999 |c 29198  |d 29198